000 00503nam a2200181Ia 4500
001 11053
005 20260306161917.0
008 260306t2013||||xx |||||||||||||| ||spa||
041 _aESP
082 _a985.001
_bS18A 2013
100 _aSalazar Bondy, Augusto
_eAUT
245 0 _aHistoria de las ideas en el Perú contemporáneo:
_b¿existe una filosofía de nuestra América?
260 _c2013
300 _a517 páginas :
_c22 cm.
650 _aGEN
654 _aCHU
942 _cLIB
_dJUS
_fJUS
_2ddc
_n
999 _c11053
_d11053